Hledači duší. I, Studie stínů /
Úvodní román fantasy řady, volně navazující na autorčinu předcházející sérii Studie jedu, obsahuje další dobrodružství ochutnavačky a kouzelnice Jeleny a jejího přítele Valeka.
Uloženo v:
| Série: | Hledači duší,
část 1 |
|---|---|
| Hlavní autor: | |
| Další autoři: | |
| Médium: | E-kniha |
| Jazyk: | Czech |
| Vydáno: |
V Praze :
CooBoo,
2022
|
| Vydání: | 1. vydání |
| Témata: | |
| Příbuzné jednotky: | Z cyklu::
Hledači duší |
| Tagy: |
Žádné tagy |
| LEADER | 02635nam a2200469 i 4500 | ||
|---|---|---|---|
| 001 | 311869 | ||
| 003 | CZ PrSKC | ||
| 005 | 20260601215713.0 | ||
| 007 | ta | ||
| 008 | 220726s2022 xr g 000 f cze | ||
| 015 | |a cnb003438673 | ||
| 020 | |a 9788076615434 |q (brožováno) : |c Kč 449,00 | ||
| 035 | |a (OCoLC)1344358842 | ||
| 040 | |a ABG001 |b cze |d ABA001 |e rda | ||
| 041 | 1 | |a cze |h eng | |
| 072 | 7 | |a 821.111(73)-3 |x Americká próza |2 Konspekt | |
| 080 | |a 821.111(73)-31 |2 MRF | ||
| 080 | |a (0:82-312.9) |2 MRF | ||
| 100 | 1 | |a Snyder, Maria V., |d 1973- |7 xx0251657 |4 aut | |
| 240 | 1 | 0 | |a Shadow study. |l Česky |
| 245 | 1 | 0 | |a Hledači duší. |n I, |p Studie stínů / |c Maria V. Snyderová ; přeložila Magdalena Stárková |
| 246 | 3 | 0 | |a Studie stínů |
| 250 | |a 1. vydání | ||
| 264 | 1 | |a V Praze : |b CooBoo, |c 2022 | |
| 300 | |a 556 stran ; |c 20 cm | ||
| 336 | |a text |b txt |2 rdacontent | ||
| 337 | |a bez média |b n |2 rdamedia | ||
| 338 | |a svazek |b nc |2 rdacarrier | ||
| 500 | |a Přeloženo z angličtiny | ||
| 520 | 2 | |a Úvodní román fantasy řady, volně navazující na autorčinu předcházející sérii Studie jedu, obsahuje další dobrodružství ochutnavačky a kouzelnice Jeleny a jejího přítele Valeka. |b Když Jelena bývala pouhou ochutnavačkou, byl její život jednodušší. Přežila a stala se klíčovou součástí rovnováhy sil mezi Ixií a Sitií. Teď svou magii využívá k tomu, aby udržela mír a ochránila svůj vztah s Valekem. Najednou se však v obou zemích začíná ozývat odboj a Valekova práce i život jsou v nebezpečí. Jelena se snaží odhalit své nepřátele a zároveň čelí nové výzvě: její magii cosi blokuje. A ona musí najít způsob, jak udržet naživu nejen sebe, ale i všechny a všechno, co je jí drahé. Nakladatelská anotace. | |
| 655 | 7 | |a americké romány |7 fd131796 |2 czenas | |
| 655 | 7 | |a fantasy romány |7 fd184199 |2 czenas | |
| 655 | 9 | |a American fiction |2 eczenas | |
| 655 | 9 | |a fantasy novels |2 eczenas | |
| 700 | 1 | |a Lüdtke Farnesi, Magdaléna, |d 1984- |7 xx0149406 |4 aut | |
| 787 | 0 | 8 | |i Z cyklu: |t Hledači duší |g 1 |
| 900 | |a ABA001 |b 21 | ||
| 928 | 9 | |a Albatros Media - CooBoo | |
| 044 | |a xr | ||
| 910 | |a RBIT002 | ||
| 998 | |d 370311 |a https://core.palmknihy.cz/api/books/370311/cover?si6b5r |b https://core.palmknihy.cz/api/books/370311/cover/400?si6b5r |c https://core.palmknihy.cz/api/books/370311/cover/50?si6b5r |e 2026-08-30 |g 560 |i 9788076615434 |j https://core.palmknihy.cz/api/books/370311/preview.epub |k https://core.palmknihy.cz/api/books/370311/preview.pdf |l |q 49 |r 1 |s https://www.palmknihy.cz/kniha/370311 |t ebook |y 2023 |z 0 |v Hledači Duší |w 1 | ||
| 999 | |d 311867 | ||